000 00454cam a2200145 4500500
005 20250921003556.0
041 _afre
042 _adc
100 1 0 _aRogé, Antoine
_eauthor
245 0 0 _aMatière à penser / Juillet-août 2014
260 _c2014.
500 _a66
786 0 _nPhilosophie Magazine | 81 | 7 | 2014-07-01 | p. 14-14
856 4 1 _uhttps://shs.cairn.info/magazine-philosophie-magazine-2014-7-page-14?lang=fr&redirect-ssocas=7080
999 _c1506506
_d1506506